000 01187cam a22002897i 4500
999 _c12068
_d12068
003 OSt
005 20231223152412.0
008 140113s2013 vraa b 000 0deng
020 _a9781864704815 (hbk)
043 _an-cn-bc
082 0 4 _a728.022
_223
_bBOD
110 2 _aHelliwell + Smith, Blue Sky Architecture,
_earchitect.
245 1 0 _aBlue sky living :
_bthe architecture of Helliwell + Smith /
_cedited with an introduction by Trevor Boddy ; foreword by Ted Cullinan.
300 _a148 pages :
_billustrations (chiefly color) ;
_c31 cm
504 _aIncludes bibliographical references (page 147).
600 1 0 _aHelliwell, Bo,
_d1944-
600 1 0 _aSmith, Kim,
_d1953-
610 2 0 _aHelliwell + Smith, Blue Sky Architecture.
650 0 _aArchitecture, Domestic
_zBritish Columbia.
650 0 _aArchitecture, Domestic
_zBritish Columbia
_vDesigns and plans.
650 0 _aModern movement (Architecture)
_zBritish Columbia.
650 0 _aModern movement (Architecture)
_zBritish Columbia
_vDesigns and plans.
700 1 _aBoddy, Trevor,
_d1953-,
_eauthor,
_eeditor.
700 1 _aHelliwell, Bo,
_d1944-
_earchitect.
700 1 _aSmith, Kim,
_d1953-
_earchitect.
942 _2ddc